000 00838cam a22002414a 4500
005 20260322212018.0
008 data
010 _a 2008270898
020 _a9780767915472 (pbk.)
040 _aDLC
_cDLC
_dDLC
050 0 0 _aR853.H8
_bW37 2006b
082 0 0 _a174.2/8
_222
096 _aW20.55.H9 W374 2006
100 1 _aWashington, Harriet A.
245 1 0 _aMedical apartheid :
_bthe dark history of medical experimentation on Black Americans from colonial times to the present /
_cHarriet A. Washington.
250 _a1st pbk. ed.
260 _aNew York :
_bHarlem Moon,
_cc2006.
300 _ax, 501 p. :
_bill. ;
_c21 cm.
504 _aIncludes bibliographical references (p. [465]-484) and index.
650 0 _aHuman experimentation in medicine
_zUnited States
_xHistory.
650 0 _aAfrican Americans
_xHistory.
_xHistory.
001 data
999 _c408
_d408